Sam Schmidt Motorsports - Arrow McLaren Indycar Driver - Statistics

General Stats
  • This quiz has been taken 6 times
  • The average score is 16 of 46
Answer Stats
# of races Country Driver % Correct
2 UK Callum Ilott
100%
48 Sweden Felix Rosenqvist
100%
71 Canada James Hinchcliffe
100%
103 Mexico Pato O'Ward
100%
52 France Simon Pagenaud
100%
33 USA Alexander Rossi
67%
22 Denmark Christian Lundgaard
67%
2 UK Dan Wheldon
67%
18 UK Jack Harvey
67%
4 Colombia Juan Pablo Montoya
67%
16 Sweden Marcus Ericsson
67%
46 Russia Mikhail Aleshin
67%
31 USA Nolan Siegel
67%
8 Australia Ryan Briscoe
67%
6 France Theo Pourchaire
67%
1 Brazil Tony Kanaan
67%
3 USA Townsend Bell
67%
2 Colombia Carlos Munoz
33%
1 Japan Hideki Mutoh
33%
16 UK James Jakes
33%
5 UK Jay Howard
33%
1 Denmark Kevin Magnussen
33%
13 USA Oliver Askew
33%
14 Canada Robert Wickens
33%
19 France Tristan Vautier
33%
1 Brazil Airton Dare
0%
1 USA Alex Barron
0%
1 UK Alex Lloyd
0%
16 Canada Alex Tagliani
0%
6 USA Anthony Lazzaro
0%
1 USA Buddy Lazier
0%
5 USA Conor Daly
0%
5 USA Davey Hamilton
0%
1 Spain Fernando Alonso
0%
2 USA Greg Ray
0%
2 Brazil Helio Castroneves
0%
1 Canada Jacques Villeneuve
0%
4 USA Jaques Lazier
0%
1 UK Katherine Legge
0%
2 USA Kyle Larson
0%
1 USA Mark Dismore
0%
3 UK Martin Plowman
0%
2 Spain Oriol Servia
0%
14 USA Richie Hearn
0%
3 Colombia Sebastian Saavedra
0%
4 New Zealand Wade Cunningham
0%
No matching quizzes found
Score Distribution
Percent of People with Each Score
Percentile by Number Answered
Your Score History
You have not taken this quiz